Welcome to WEB OPAC of MRSPTU Central Library

Indian canvas re-rendered documentation of INDO-SARACENIC Architecture (Record no. 5079)

MARC details
000 -LEADER
fixed length control field 00469nam a2200157Ia 4500
008 - FIXED-LENGTH DATA ELEMENTS--GENERAL INFORMATION
fixed length control field 230711s9999||||xx |||||||||||||| ||und||
041 ## - LANGUAGE CODE
Language code of text/sound track or separate title ENG
082 ## - DEWEY DECIMAL CLASSIFICATION NUMBER
Classification number 720
Item number NI-N
100 ## - MAIN ENTRY--PERSONAL NAME
Personal name (NIDC)NASA Infromation & Documentation Centre
245 #0 - TITLE STATEMENT
Title Indian canvas re-rendered documentation of INDO-SARACENIC Architecture
250 ## - EDITION STATEMENT
Edition statement 1st Ed.
260 ## - PUBLICATION, DISTRIBUTION, ETC.
Date of publication, distribution, etc. 2004
Place of publication, distribution, etc. Mumbai
Name of publisher, distributor, etc. (NIDC)NASA Infromation & Documentation Centre
300 ## - PHYSICAL DESCRIPTION
Extent 111
650 ## - SUBJECT ADDED ENTRY--TOPICAL TERM
Topical term or geographic name entry element Architecture
942 ## - ADDED ENTRY ELEMENTS (KOHA)
Koha item type Book
Holdings
Withdrawn status Lost status Damaged status Not for loan Collection Home library Current library Date acquired Total checkouts Full call number Barcode Date last seen Date last checked out Price effective from Koha item type
          MRSPTU Central Library MRSPTU Central Library   1 720 NI-N 18853 04/04/2025 01/16/2025 08/17/2023 Book

Website Designed and Developed by MRSPTU Central Library Team

E-mail Id: librarian@mrsptu.ac.in